000 00500nam a2200193Ia 4500
008 151119s9999||||xx |||||||||||||| ||und||
082 _a891.463
082 _bGKKV14027
100 _aझणकर अजेय
245 _aसरकारनामा
260 _a--
260 _b--
260 _c1994
600 _aझणकर अजेय
630 _aसरकारनामा
700 _aझणकर अजेय
730 _aसरकारनामा
942 _cBOOK
999 _c1067596
_d1067593